Movies Quiz

Random Movies Quiz

Amazon Women on the Moon Quiz Stats

 Plays Quiz not verified by Sporcle

Support Sporcle.
Go Orange.
Score 0/18 Timer 04:00
0 Plays Today
% Correct
​​​​Kevin Bacon
88.9%
​​​​​​​​​​​​​​​​​Kelsey Grammer
88.9%
​​​​​​​​​​​​Rodney Dangerfield
77.8%
​​​​​​​​​​​​​​​​​​​​​​​​​Julia Louis-Dreyfus
74.1%
​​​​​​​​​Ray Charles
66.7%
​​​​​​​​​​​​​​​​​​​​​​​Margot Kidder
63%
​​​​​​​​​​​​​​​​​​​​​​​​​​​​​​Joe Piscopo
63%
​​​​​​​​​​​​​​​​​​​​​​​​​​​​​​​​Meg Ryan
63%
​​​​​​​Linda Blair
59.3%
% Correct
​​​​​​​​​​​​​​Phil Donahue
59.3%
​​​​​​​​​​​​​​​​Elliott Gould
59.3%
​​​​​​​​​​​​​​​​​​​​​​​​​​​​​​​​​​​​Jonathan Winters
55.6%
​​​​​​​​​​​​​​​​​​​​​​​​​​Malcolm McDowell
51.9%
​​​​​​​​​​​​​​​​​​​​​​​​​​​​Valerie Perrine
44.4%
​​​​​​​​​​​​​​​​​​​​​​​​​​​​​​​​​​Jim Varney
44.4%
​​​​​​​​​​​​​​​​​​​​​​​​​​​​​​​​​​​Christopher Walken
44.4%
​​​​​​​​Kim Cattrall
40.7%
​​​​​​​​​​​​​​​​​​​​​​​​​​​​​​​​​Martin Short
40.7%

You're not logged in!

Compare scores with friends on all Sporcle quizzes.
OR
Log In

From the Vault

TV Character Image Sorting V

by Doctor_Arzt

We made everything screenshots so you wouldn't have to keep pausing and playing episodes.
Remove Ads.
Support Sporcle.
Get the best of Sporcle when you Go Orange. This ad-free experience offers more features, more stats, and more fun while also helping to support Sporcle. Thank you for becoming a member.

Show Comments

Extras

Created Jan 18, 2016SourceReportNominate
Tags:1980s

Top Quizzes Today


Score Distribution

Your Account Isn't Verified!

In order to create a playlist on Sporcle, you need to verify the email address you used during registration. Go to your Sporcle Settings to finish the process.

Report this User

Report this user for behavior that violates our Community Guidelines.

Details: